| 000 | 01167nam0a22002891 4500 | ||
|---|---|---|---|
| 001 | rc\2373505 | ||
| 005 | 20110829160620.1 | ||
| 035 | _a(NLR Aleph) 006687613 | ||
| 090 |
_a5126209 _c5126209 |
||
| 100 | _a20110829d1976 |||y0rusy50 ca | ||
| 101 | 0 | _arus | |
| 102 | _aRU | ||
| 105 | _ay z ||||| | ||
| 200 | 1 |
_aВопросы клинической онкологии _e[Сборник статей] _fМоск. обл. клинич. онкол. больница _g[Науч. ред. кандидаты мед. наук И.П. Меленчук, Б.Г. Гольдман] |
|
| 210 |
_aМосква _cМОНИКИ _d1976 |
||
| 215 |
_a205 с. _d22 |
||
| 225 | 1 |
_aМоск. обл. науч.-исслед. клинич. ин-т им. М.Ф. Владимирского. Труды института _vТ. 14 |
|
| 606 |
_aОнкология клиническая _jСборники _2rkp |
||
| 702 | 1 |
_aГольдман _bБ. Г. _4340 |
|
| 702 | 1 |
_aМеленчук _bИ. П. _4340 |
|
| 801 | 0 |
_aRU _bNLR _gpsbo |
|
| 801 | 1 |
_aRU _bELAR _2rusmarc |
|
| 852 |
_aNLR _jП16/861 |
||
| 899 |
_aRuMoRGB _jXXIV 131/101 |
||
| 899 |
_aRuMoRGB _jXXIV 131/102 |
||
| 942 | _cBOOK | ||
| 980 | _aNB | ||